| 000 | 01483nam a2200361 a 4500 | ||
|---|---|---|---|
| 001 | 000110676 | ||
| 003 | CHAP | ||
| 005 | 20220329144143.0 | ||
| 008 | 140924s2013 mx ab |r| ||||||spa d | ||
| 010 | _a107138 | ||
| 011 | _a108110 | ||
| 020 | _a9786079343033 | ||
| 040 | _cCHAP | ||
| 082 | 0 | 4 |
_a632.72 _bP69 |
| 245 | 1 | 3 |
_aLa plaga de la langosta Schistocerca piceifrons piceifrons (Walker) : _buna visión multidisciplinaria desde la perspectiva del desastre fitosanitario en México / _cCoordinado por María Guadalupe Galindo Mendoza, Carlos Contreras Servín y Enrique Ibarra Zapata. |
| 260 |
_aSan Luis Potosí : _bUniversidad Autónoma de San Luis Potosí, _c2013. |
||
| 300 |
_a253 p. : _bil.,gráfs., maps. |
||
| 490 | 1 |
_aColección sanidad vegetal _pVigilancia epiidemiológica fitosanitaria |
|
| 590 |
_aE5995AHE _b05 _c20140924 _lUCH01 _h1418 |
||
| 590 |
_aE5995AHE _b05 _c20140924 _lUCH01 _h1423 |
||
| 590 |
_aE5995AHE _b05 _c20140924 _lUCH01 _h1430 |
||
| 650 | 1 | 4 |
_aInsectos _zMéxico. _958951 |
| 650 | 1 | 4 |
_aLangosta como plaga _xMéxico. _964764 |
| 650 | 1 | 4 |
_aSanidad vegetal. _9102224 |
| 650 | 1 | 4 |
_aSchistocerca piceifrons. _9103018 |
| 700 | 1 |
_aContreras Servín, Carlos _e, coord. _9128500 |
|
| 700 | 1 |
_aGalindo Mendoza, María Guadalupe _e, coord. _9128499 |
|
| 700 | 1 |
_aIbarra Zapata, Enrique _e, coord. _9128501 |
|
| 830 | 0 |
_aColección Sanidad vegetal. _pVigilancia epidemiológica fitosanitaria _v; 1 _9175601 |
|
| 901 | _aBK | ||
| 942 | _cLIBRO | ||
| 942 | _n0 | ||
| 999 |
_c107138 _d107138 |
||